| 000 | 01121nam0a2200325 4500 | ||
|---|---|---|---|
| 001 | RU\NLR\bibl\1806101 | ||
| 005 | 20250616152022.0 | ||
| 010 |
_a978-5-389-02529-5 _95000 |
||
| 021 |
_aRU _b2011-59023 _94167 |
||
| 035 | _a(nilc)RSL-KNO-004982411 | ||
| 035 | _a(NLR Aleph) 001796743 | ||
| 090 |
_a1784407 _c1784407 |
||
| 100 | _a20110802d2011 |||y0rusy50 ca | ||
| 101 | 1 |
_arus _ceng |
|
| 102 | _aRU | ||
| 105 | _ay zzzz||||| | ||
| 200 | 1 |
_aГлаза мертвецов _eантология ирландских рассказов о призраках _f[пер. с англ., сост., ст.: В. Ахтырская] |
|
| 210 |
_aСанкт-Петербург _cАзбука _d2011 |
||
| 215 |
_a318, [1] с. _d18 |
||
| 225 | 1 | _aАзбука-классика | |
| 686 |
_aШ5(4И)153-644.5я43 _2rubbk |
||
| 686 | _aШ6(4И)167-4{Лх1328сб} | ||
| 702 | 1 |
_aАхтырская _bВ. Н. _gВера Николаевна _4220 |
|
| 801 | 0 |
_aRU _bRuMoRKP _c20110802 _grcr |
|
| 801 | 1 |
_aRU _bRuMoRGB _c20110802 |
|
| 801 | 2 |
_aRU _bNLR _c20110907 _grcr |
|
| 942 | _cBOOK | ||
| 980 | _aNB | ||
| 980 | _aNBR | ||